[Event "Belp op"]
[Site "Belp"]
[Date "2015.05.23"]
[Round "1"]
[White "Hollmann, Leon"]
[Black "Georgescu, Lena"]
[Result "0-1"]
[WhiteElo "1677"]
[BlackElo "2057"]
[PlyCount "36"]
[EventDate "2015.05.23"]
[EventType "swiss"]
[EventRounds "5"]
[EventCountry "SUI"]
[SourceTitle "EXT 2016"]
[Source "ChessBase"]
[SourceDate "2015.10.08"]
[SourceVersion "1"]
[SourceVersionDate "2015.10.08"]
[SourceQuality "1"]

1. e4 c5 2. Bc4 e6 3. Qe2 a6 4. a4 Nc6 5. Nf3 d6 6. c3 Be7 7. Bb3 Nf6 8. d3 0-0 9. Bf4 d5 10. exd5 exd5 11. d4 Bg4 12. Be3 cxd4 13. cxd4 Bb4+ 14. Nbd2 Ne4 15. 0-0 Bxd2 16. Bxd2 Nxd4 17. Qd3 Nxb3 18. Qxb3 Bxf3 0-1

[Event "Karl Mala Memorial op-A 16th"]
[Site "Frankfurt"]
[Date "2013.07.13"]
[Round "4"]
[White "Hollmann, Leon"]
[Black "Traut, Stefan"]
[Result "1/2-1/2"]
[WhiteElo "1591"]
[BlackElo "1775"]
[PlyCount "32"]
[EventDate "2013.07.11"]
[EventType "swiss"]
[EventRounds "7"]
[EventCountry "GER"]
[SourceTitle "EXT 2014"]
[Source "ChessBase"]
[SourceDate "2013.11.20"]
[SourceVersion "1"]
[SourceVersionDate "2013.11.20"]
[SourceQuality "1"]

1. e4 c5 2. Bc4 Nc6 3. Nf3 g6 4. c3 Bg7 5. d3 e6 6. Qe2 Nge7 7. Be3 b6 8. Bg5 0-0 9. 0-0 Re8 10. Re1 Bb7 11. e5 d5 12. exd6 Qxd6 13. Nbd2 Nd5 14. Ne4 Qd7 15. Qd2 f5 16. Ng3 Kh8 1/2-1/2

[Event "Karl Mala Memorial op-A 16th"]
[Site "Frankfurt"]
[Date "2013.07.12"]
[Round "2"]
[White "Hollmann, Leon"]
[Black "Kilthau, Peter"]
[Result "1/2-1/2"]
[WhiteElo "1591"]
[BlackElo "1911"]
[PlyCount "107"]
[EventDate "2013.07.11"]
[EventType "swiss"]
[EventRounds "7"]
[EventCountry "GER"]
[SourceTitle "EXT 2014"]
[Source "ChessBase"]
[SourceDate "2013.11.20"]
[SourceVersion "1"]
[SourceVersionDate "2013.11.20"]
[SourceQuality "1"]

1. e4 c5 2. Bc4 e6 3. Qe2 Nc6 4. c3 Qc7 5. Nf3 g6 6. d3 Bg7 7. Nbd2 Nge7 8. 0-0 0-0 9. Re1 d6 10. Nf1 Na5 11. Bb3 Nxb3 12. axb3 Qb6 13. Qc2 e5 14. Ne3 Be6 15. Nc4 Qc7 16. Ng5 Bd7 17. f4 b5 18. Na3 f6 19. Nf3 Rfd8 20. b4 a6 21. fxe5 dxe5 22. bxc5 Qxc5+ 23. Be3 Qc7 24. Qf2 Qb7 25. Rac1 Be6 26. Red1 Rac8 27. Rd2 Rd7 28. b4 Rdc7 29. Nb1 Nc6 30. Rb2 Bf8 31. Qe1 Rd7 32. Qe2 Rcd8 33. Rd2 a5 34. bxa5 Nxa5 35. Rb2 Rxd3 36. Ne1 Rxe3 37. Qxe3 Nc4 38. Qe2 Nxb2 39. Qxb2 Bh6 40. Rc2 Bc4 41. Nd2 Qb6+ 42. Kh1 Qf2 43. Nef3 Be3 44. h3 Bd3 45. Rc1 Bxd2 46. Qxd2 Qxd2 47. Nxd2 Ra8 48. Nb3 Bxe4 49. Nc5 Bd5 50. Rd1 Rd8 51. Kg1 Kf7 52. Nb7 Rd7 53. Nc5 Rd6 54. Nb7 1/2-1/2

[Event "Gernsheim U20 op 11th"]
[Site "Gernsheim"]
[Date "2013.05.19"]
[Round "3"]
[White "Hollmann, Leon"]
[Black "Lukas, Anne"]
[Result "1-0"]
[WhiteElo "1591"]
[BlackElo "1738"]
[PlyCount "105"]
[EventDate "2013.05.18"]
[EventType "swiss"]
[EventRounds "7"]
[EventCountry "GER"]
[SourceTitle "EXT 2015"]
[Source "ChessBase"]
[SourceDate "2014.11.20"]
[SourceVersion "1"]
[SourceVersionDate "2014.11.20"]
[SourceQuality "1"]

1. e4 c6 2. d4 d5 3. exd5 cxd5 4. Bd3 Nc6 5. c3 g6 6. Bf4 Bg7 7. Nd2 a6 8. h3 b5 9. Nb3 b4 10. Rb1 bxc3 11. bxc3 e6 12. Nf3 Nge7 13. 0-0 0-0 14. Qd2 Re8 15. Rb2 Na5 16. Rfb1 Nec6 17. Nc5 Nc4 18. Bxc4 dxc4 19. Na4 e5 20. Nxe5 Nxe5 21. Bxe5 Bxe5 22. dxe5 Qxd2 23. Rxd2 Rxe5 24. Nb6 Rb8 25. Rd8+ Kg7 26. Rxc8 Rxc8 27. Nxc8 Re2 28. Nd6 Rc2 29. Nxc4 Rxc3 30. Ne3 Ra3 31. Rb2 h5 32. Nc2 Ra4 33. a3 a5 34. Rb3 Rc4 35. Ne3 Rc1+ 36. Kh2 Ra1 37. Nc4 a4 38. Rb4 Ra2 39. f3 g5 40. Rxa4 g4 41. fxg4 hxg4 42. hxg4 Re2 43. Ra7 Re6 44. a4 Kg6 45. Nd2 f6 46. a5 Kg5 47. Kg3 Re3+ 48. Nf3+ Kg6 49. a6 Ra3 50. Ra8 Kg7 51. a7 Kf7 52. Kh2 Ra4 53. Nd4 1-0

[Event "Hofheim Spring op-B 1st"]
[Site "Hofheim"]
[Date "2013.04.06"]
[Round "7"]
[White "Hollmann, Leon"]
[Black "Guenther, Rainer"]
[Result "1/2-1/2"]
[WhiteElo "1577"]
[BlackElo "1731"]
[PlyCount "104"]
[EventDate "2013.04.02"]
[EventType "swiss"]
[EventRounds "9"]
[EventCountry "GER"]
[SourceTitle "EXT 2018"]
[Source "ChessBase"]
[SourceDate "2017.10.13"]
[SourceVersion "1"]
[SourceVersionDate "2017.10.13"]
[SourceQuality "1"]

1. e4 c5 2. Nf3 d6 3. Bc4 e6 4. Qe2 a6 5. a4 Nf6 6. d3 Be7 7. c3 Nbd7 8. Nbd2 Qc7 9. 0-0 0-0 10. Re1 b6 11. Nf1 Bb7 12. Bb3 b5 13. axb5 axb5 14. Bd2 Ra5 15. Ng3 Rfa8 16. Rxa5 Rxa5 17. c4 b4 18. d4 Qb6 19. d5 e5 20. Nf5 Bf8 21. N3h4 Qa6 22. Qf3 g6 23. Nh6+ Bxh6 24. Bxh6 Ra1 25. Qe2 Nb6 26. Bg5 Nh5 27. Nf3 Bc8 28. Nd2 Bd7 29. Bd8 Nf4 30. Qe3 Nd3 31. Rb1 Rxb1+ 32. Nxb1 Nf4 33. Bxb6 Qxb6 34. g3 Nh5 35. Nd2 Qa7 36. Qe1 Bh3 37. f3 Qe7 38. Kf2 Ng7 39. Qe3 Bd7 40. Bc2 Bc8 41. Ba4 f5 42. f4 fxe4 43. Qxe4 Bf5 44. Qe3 e4 45. Bc2 Nh5 46. Bxe4 Nf6 47. Bxf5 Qxe3+ 48. Kxe3 gxf5 49. h3 h5 50. Kf3 Kg7 51. h4 Nd7 52. b3 Kf6 1/2-1/2

[Event "Hofheim Spring op-B 1st"]
[Site "Hofheim"]
[Date "2013.04.04"]
[Round "4"]
[White "Hollmann, Leon"]
[Black "Reuter, Klaus"]
[Result "1/2-1/2"]
[WhiteElo "1577"]
[BlackElo "1637"]
[PlyCount "70"]
[EventDate "2013.04.02"]
[EventType "swiss"]
[EventRounds "9"]
[EventCountry "GER"]
[SourceTitle "EXT 2018"]
[Source "ChessBase"]
[SourceDate "2017.10.13"]
[SourceVersion "1"]
[SourceVersionDate "2017.10.13"]
[SourceQuality "1"]

1. e4 d5 2. exd5 Qxd5 3. Nc3 Qa5 4. Bc4 e5 5. d3 Nf6 6. Bd2 Qb6 7. Rb1 Bc5 8. Qe2 0-0 9. Nf3 Ng4 10. 0-0 Re8 11. h3 Nf6 12. Bg5 h6 13. Nxe5 Re7 14. Nd5 Nxd5 15. Bxe7 Nxe7 16. Nxf7 Kf8 17. Qf3 Qf6 18. Qxf6 gxf6 19. Nxh6 Kg7 20. Ng4 Nbc6 21. Ne3 a6 22. Rfe1 b5 23. Bd5 Bb7 24. Kf1 Rd8 25. Bf3 Bc8 26. Ng4 Bxg4 27. Bxg4 f5 28. Bf3 Nd4 29. Bb7 a5 30. c3 Ndc6 31. d4 Bb6 32. Re2 Rb8 33. Bxc6 Nxc6 34. Rbe1 Rd8 35. Re6 Rd6 1/2-1/2

[Event "Hessen-ch U12"]
[Site "Bad Homburg"]
[Date "2013.??.??"]
[Round "4"]
[White "Dolaberidze, Nico"]
[Black "Hollmann, Leon"]
[Result "0-1"]
[WhiteElo "767"]
[BlackElo "1577"]
[PlyCount "60"]
[EventDate "2013.03.??"]
[EventType "swiss"]
[EventRounds "9"]
[EventCountry "GER"]
[SourceTitle "EXT 2014"]
[Source "ChessBase"]
[SourceDate "2013.11.20"]
[SourceVersion "1"]
[SourceVersionDate "2013.11.20"]
[SourceQuality "1"]

1. e4 c5 2. Bc4 Nc6 3. Nf3 a6 4. Nc3 e6 5. 0-0 b5 6. Be2 Bb7 7. a3 Nf6 8. d3 Be7 9. Bf4 h6 10. h3 0-0 11. Na2 Nh7 12. c3 Ng5 13. Bxg5 Bxg5 14. e5 Bf4 15. d4 cxd4 16. cxd4 d6 17. exd6 Qxd6 18. Nc1 Rad8 19. Nb3 Ne7 20. Qd3 e5 21. Rfd1 e4 22. Qc3 exf3 23. Bxf3 Bxf3 24. Qxf3 Ng6 25. Nc5 Qb6 26. Nb3 Bc7 27. d5 Qd6 28. Qd3 Rfe8 29. a4 Qh2+ 30. Kf1 Qh1# 0-1

[Event "Hessen-ch U12"]
[Site "Bad Homburg"]
[Date "2013.??.??"]
[Round "2"]
[White "Hollmann, Leon"]
[Black "Jung, Jasmin"]
[Result "1-0"]
[WhiteElo "1577"]
[BlackElo "760"]
[PlyCount "79"]
[EventDate "2013.03.??"]
[EventType "swiss"]
[EventRounds "9"]
[EventCountry "GER"]
[SourceTitle "EXT 2014"]
[Source "ChessBase"]
[SourceDate "2013.11.20"]
[SourceVersion "1"]
[SourceVersionDate "2013.11.20"]
[SourceQuality "1"]

1. e4 e5 2. Bc4 Nc6 3. Nf3 Bc5 4. d3 d6 5. c3 Bg4 6. h3 Bh5 7. Nbd2 Nf6 8. 0-0 0-0 9. Re1 Re8 10. Nf1 h6 11. Ng3 Bxf3 12. Qxf3 a6 13. Nf5 g6 14. Nxh6+ Kg7 15. Nxf7 Qe7 16. Bh6+ Kh7 17. Bg5 d5 18. Bxd5 Nd8 19. Bxf6 Qf8 20. Nxd8 c6 21. Bf7 Raxd8 22. Bxd8 Rxd8 23. Qf6 Qg7 24. Qxd8 Qxf7 25. Qh4+ Kg7 26. Rf1 g5 27. Qxg5+ Kh7 28. Qf5+ Kg7 29. Qxe5+ Kg8 30. Qxc5 Kg7 31. Qg5+ Kh7 32. f4 Qg6 33. Qh4+ Qh6 34. Qf2 b5 35. d4 a5 36. e5 Qe6 37. f5 Qd5 38. f6 Kg8 39. f7+ Qxf7 40. Qxf7+ 1-0

[Event "Hessen-ch U12"]
[Site "Bad Homburg"]
[Date "2013.??.??"]
[Round "1"]
[White "Tychyna, Violetta"]
[Black "Hollmann, Leon"]
[Result "1-0"]
[WhiteElo "866"]
[BlackElo "1577"]
[PlyCount "115"]
[EventDate "2013.03.??"]
[EventType "swiss"]
[EventRounds "9"]
[EventCountry "GER"]
[SourceTitle "EXT 2014"]
[Source "ChessBase"]
[SourceDate "2013.11.20"]
[SourceVersion "1"]
[SourceVersionDate "2013.11.20"]
[SourceQuality "1"]

1. e4 c5 2. Nf3 Nc6 3. d4 cxd4 4. Nxd4 Qc7 5. Nc3 e6 6. Bb5 a6 7. Bxc6 bxc6 8. 0-0 Nf6 9. Bg5 Be7 10. Re1 h6 11. Bh4 d5 12. e5 Nd7 13. Bxe7 Kxe7 14. Qh5 g6 15. Qh4+ Kf8 16. Re3 Kg7 17. Rf3 c5 18. Qf4 Rf8 19. Rh3 Rh8 20. Nb3 c4 21. Nd4 Qxe5 22. Qxe5+ Nxe5 23. Re1 Ng4 24. Rg3 Nf6 25. b4 cxb3 26. axb3 Nh5 27. Rf3 Bb7 28. g4 Nf6 29. h3 Rac8 30. Ree3 Rc7 31. Rxe6 fxe6 32. Nxe6+ Kf7 33. Nxc7 d4 34. N3d5 Bxd5 35. Nxd5 Ke6 36. Nxf6 Rf8 37. Rf4 Rxf6 38. Rxd4 Rf3 39. Rd3 Rf4 40. c4 Rf8 41. c5 Rc8 42. Rd6+ Kf7 43. c6 h5 44. Rd7+ Kf6 45. c7 Ke6 46. Rh7 hxg4 47. hxg4 Kf6 48. f4 a5 49. Kf2 Re8 50. Rh1 Rc8 51. Rc1 Ke6 52. Rc6+ Kf7 53. g5 Kg7 54. Ke3 Kf7 55. Ke4 Re8+ 56. Kd5 Rc8 57. Kd6 Ke8 58. Rc5 1-0

[Event "Frankfurt-chB"]
[Site "Frankfurt"]
[Date "2012.06.11"]
[Round "6"]
[White "Hollmann, Leon"]
[Black "Lessmann, Sven"]
[Result "0-1"]
[WhiteElo "1077"]
[BlackElo "1320"]
[PlyCount "41"]
[EventDate "2012.04.30"]
[EventType "swiss"]
[EventRounds "7"]
[EventCountry "GER"]
[SourceTitle "EXT 2013"]
[Source "ChessBase"]
[SourceDate "2012.11.22"]
[SourceVersion "1"]
[SourceVersionDate "2012.11.22"]
[SourceQuality "1"]

1. e4 d6 2. d4 Nf6 3. Nc3 g6 4. Bc4 Bg7 5. Nf3 0-0 6. 0-0 c6 7. Bf4 b5 8. Bb3 Ba6 9. Re1 b4 10. Nb1 Nbd7 11. c3 Nh5 12. Bg3 Nxg3 13. fxg3 Qb6 14. Qd2 Rab8 15. cxb4 Qxb4 16. Qxb4 Rxb4 17. d5 Bxb2 18. a3 Rxb3 19. Ra2 Bf6 20. dxc6 Nb6 21. Rc1 0-1

[Event "Rhein Main op-B 15th"]
[Site "Bad Homburg"]
[Date "2012.06.10"]
[Round "7"]
[White "Mook, Karl Juergen"]
[Black "Hollmann, Leon"]
[Result "1/2-1/2"]
[WhiteElo "1605"]
[BlackElo "1077"]
[PlyCount "156"]
[EventDate "2012.06.06"]
[EventType "swiss"]
[EventRounds "7"]
[EventCountry "GER"]
[SourceTitle "EXT 2013"]
[Source "ChessBase"]
[SourceDate "2012.11.22"]
[SourceVersion "1"]
[SourceVersionDate "2012.11.22"]
[SourceQuality "1"]

1. Nf3 c5 2. c4 Nc6 3. g3 Nf6 4. Nc3 g6 5. Bg2 Bg7 6. 0-0 0-0 7. Rb1 d6 8. Re1 Rb8 9. d4 cxd4 10. Nxd4 Nxd4 11. Qxd4 Qc7 12. Qxa7 Be6 13. Nd5 Nxd5 14. cxd5 Bd7 15. Qe3 Rfe8 16. Qb3 e6 17. Be3 Bc8 18. Bb6 Qe7 19. a4 e5 20. e4 Rf8 21. a5 f5 22. Rbc1 Bh6 23. Rc7 Qf6 24. Re2 f4 25. Qf3 fxg3 26. Qxf6 gxh2+ 27. Kh1 Rxf6 28. Rec2 Rf8 29. Kxh2 Bg5 30. Kg1 Bd8 31. R7c4 Bxb6 32. axb6 Bd7 33. Rc7 Rfc8 34. Bf1 Kf8 35. Bd3 Ke8 36. Kg2 g5 37. Be2 h6 38. Kg3 Rd8 39. Bh5+ Kf8 40. f3 Kg8 41. Bg4 Bxg4 42. Kxg4 Rf8 43. Rh2 Rf6 44. Rf2 Rg6 45. Kh5 Rf6 46. Rc3 Kg7 47. Rc7+ Kg8 48. Kg4 Rf4+ 49. Kh5 Rf6 50. b4 Kh8 51. Rc3 Rg8 52. Rg2 Rf4 53. Rg4 Rf6 54. Rg3 Rf4 55. Rh3 Rf6 56. Rc7 Rb8 57. Re7 Kg8 58. Re6 Rxe6 59. dxe6 Kg7 60. Rh2 Rc8 61. Rd2 Rc6 62. e7 Kf7 63. Kxh6 Kxe7 64. Kxg5 Rxb6 65. Rb2 Ke6 66. f4 exf4 67. Kxf4 Rb5 68. Ke3 d5 69. Kd4 dxe4 70. Kxe4 Kd6 71. Kd4 Kc6 72. Kc4 Kb6 73. Kb3 Ka6 74. Ka4 Re5 75. b5+ Kb6 76. Rb4 Re6 77. Rd4 Rh6 78. Kb4 Rg6 1/2-1/2

[Event "Eschborn op 09th"]
[Site "Eschborn"]
[Date "2012.06.03"]
[Round "5"]
[White "Ross, Heinrich"]
[Black "Hollmann, Leon"]
[Result "0-1"]
[WhiteElo "1485"]
[BlackElo "1077"]
[PlyCount "31"]
[EventDate "2012.06.01"]
[EventType "swiss"]
[EventRounds "5"]
[EventCountry "GER"]
[SourceTitle "EXT 2014"]
[Source "ChessBase"]
[SourceDate "2013.11.20"]
[SourceVersion "1"]
[SourceVersionDate "2013.11.20"]
[SourceQuality "1"]

1. c4 c5 2. Nc3 Nc6 3. Nf3 Nf6 4. e3 e6 5. Be2 d5 6. cxd5 Nxd5 7. Bb5 Bd7 8. 0-0 a6 9. Bxc6 Bxc6 10. Ne5 Bd6 11. d4 0-0 12. f4 cxd4 13. Nxc6 bxc6 14. exd4 Qc7 15. Qf3 Rae8 16. Be3 0-1

[Event "Eschborn op 09th"]
[Site "Eschborn"]
[Date "2012.06.02"]
[Round "3"]
[White "Hollmann, Leon"]
[Black "Lehmann, Tornalf"]
[Result "1-0"]
[WhiteElo "1077"]
[BlackElo "1647"]
[PlyCount "114"]
[EventDate "2012.06.01"]
[EventType "swiss"]
[EventRounds "5"]
[EventCountry "GER"]
[SourceTitle "EXT 2014"]
[Source "ChessBase"]
[SourceDate "2013.11.20"]
[SourceVersion "1"]
[SourceVersionDate "2013.11.20"]
[SourceQuality "1"]

1. e4 Nf6 2. Nc3 e5 3. Bc4 Nc6 4. d3 Bb4 5. Bd2 0-0 6. Nf3 h6 7. Bb5 Re8 8. 0-0 d5 9. Nxd5 Bxd2 10. Nxf6+ Qxf6 11. Qxd2 a6 12. Bxc6 Qxc6 13. Qc3 Bd7 14. Qxc6 Bxc6 15. Rad1 Rad8 16. h3 b5 17. a3 Bb7 18. Rfe1 c5 19. Nh2 Rd7 20. f3 Red8 21. Re2 c4 22. Red2 Rd4 23. Nf1 cxd3 24. Rxd3 Rxd3 25. Rxd3 Rxd3 26. cxd3 f6 27. Kf2 Kf7 28. Ne3 g6 29. Nc2 a5 30. d4 exd4 31. Nxd4 Ba6 32. Ke3 a4 33. Kd2 Ke7 34. Kc3 b4+ 35. Kxb4 Bf1 36. g3 Bxh3 37. Kxa4 Bd7+ 38. Ka5 Kd6 39. b4 h5 40. f4 g5 41. fxg5 fxg5 42. Nf3 g4 43. Nd2 h4 44. gxh4 g3 45. h5 g2 46. Nf3 Bg4 47. Ng1 Bxh5 48. b5 Bg6 49. Kb6 Bxe4 50. a4 Kd7 51. Ka7 Kc8 52. a5 Bb7 53. a6 Bxa6 54. Kxa6 Kb8 55. Kb6 Ka8 56. Kc7 Ka7 57. b6+ Ka8 1-0

[Event "Eschborn op 09th"]
[Site "Eschborn"]
[Date "2012.06.01"]
[Round "1"]
[White "Hollmann, Leon"]
[Black "Heppert, Lars"]
[Result "0-1"]
[WhiteElo "1077"]
[BlackElo "1935"]
[PlyCount "110"]
[EventDate "2012.06.01"]
[EventType "swiss"]
[EventRounds "5"]
[EventCountry "GER"]
[SourceTitle "EXT 2014"]
[Source "ChessBase"]
[SourceDate "2013.11.20"]
[SourceVersion "1"]
[SourceVersionDate "2013.11.20"]
[SourceQuality "1"]

1. e4 c5 2. Bc4 e6 3. Qe2 a6 4. d3 Ne7 5. c3 d5 6. Bb3 dxe4 7. dxe4 Qc7 8. f4 Nbc6 9. Nf3 g6 10. 0-0 Bg7 11. Be3 b6 12. Nbd2 0-0 13. Rad1 e5 14. fxe5 Bg4 15. h3 Bxf3 16. Nxf3 Nxe5 17. Nxe5 Bxe5 18. Qf3 c4 19. Bc2 Nc6 20. Bf4 Bxf4 21. Qxf4 Qxf4 22. Rxf4 Rad8 23. Rff1 Rxd1 24. Rxd1 Rd8 25. Rxd8+ Nxd8 26. Kf2 f6 27. Ke3 Ne6 28. b3 Kf8 29. bxc4 Ke7 30. Bb3 Kd6 31. h4 Ke5 32. g3 Nc5 33. Bc2 h5 34. a4 a5 35. Kf3 g5 36. Ke3 Nb7 37. Bb1 Nc5 38. Bc2 g4 39. Bb1 Nxa4 40. Kd2 Nc5 41. Ke3 a4 42. Bc2 a3 43. Bb1 Nxe4 44. Kd3 Nxg3 45. Kc2 Ne4 46. Kb3 Nd2+ 47. Kc2 Nxb1 48. Kxb1 g3 49. Ka2 g2 50. Kxa3 g1Q 51. Kb4 Qb1+ 52. Ka4 Kd6 53. c5+ Kxc5 54. Ka3 Kc4 55. Ka4 Qa1# 0-1

[Event "Hessen-ch U12"]
[Site "Bad Homburg"]
[Date "2012.??.??"]
[Round "5"]
[White "Rudolph, Sebastian"]
[Black "Hollmann, Leon"]
[Result "0-1"]
[WhiteElo "895"]
[BlackElo "1127"]
[PlyCount "72"]
[EventDate "2012.04.??"]
[EventType "swiss"]
[EventRounds "9"]
[EventCountry "GER"]
[SourceTitle "EXT 2015"]
[Source "ChessBase"]
[SourceDate "2014.11.20"]
[SourceVersion "1"]
[SourceVersionDate "2014.11.20"]
[SourceQuality "1"]

1. e4 c5 2. d4 cxd4 3. c3 dxc3 4. Nxc3 Nc6 5. Nf3 e5 6. Bc4 Be7 7. 0-0 d6 8. h3 Qc7 9. Be3 Nf6 10. Nd5 Nxd5 11. Qxd5 Be6 12. Qd3 Nb4 13. Qb3 Bxc4 14. Qxb4 Bxf1 15. Rxf1 0-0 16. Rc1 Qd7 17. Qa5 b6 18. Qd2 Rac8 19. Rd1 f6 20. Qd3 Rc7 21. Bd2 Rfc8 22. b3 Rc2 23. a4 Qc6 24. Qf1 Qxe4 25. Re1 Qd5 26. Rd1 Qxb3 27. Nh4 Qxa4 28. Nf5 Qd7 29. Qd3 Bf8 30. Ne3 R2c6 31. Qb5 R6c7 32. Qb1 Rb7 33. Rc1 Rxc1+ 34. Qxc1 Qc7 35. Qxc7 Rxc7 36. Bb4 a5 0-1

[Event "Hessen-ch U12"]
[Site "Bad Homburg"]
[Date "2012.??.??"]
[Round "7"]
[White "Ruhl, Moritz"]
[Black "Hollmann, Leon"]
[Result "1-0"]
[WhiteElo "1038"]
[BlackElo "1127"]
[PlyCount "63"]
[EventDate "2012.04.??"]
[EventType "swiss"]
[EventRounds "9"]
[EventCountry "GER"]
[SourceTitle "EXT 2015"]
[Source "ChessBase"]
[SourceDate "2014.11.20"]
[SourceVersion "1"]
[SourceVersionDate "2014.11.20"]
[SourceQuality "1"]

1. d4 d5 2. c4 e6 3. Nc3 Nf6 4. f3 Nbd7 5. e3 c6 6. a3 Qa5 7. Bd2 Qb6 8. b3 Qc7 9. Bd3 dxc4 10. Bxc4 Nb6 11. Bd3 Be7 12. Nge2 Bd7 13. Ng3 Bd6 14. f4 Nbd5 15. 0-0 Nxc3 16. Bxc3 Nd5 17. Bd2 c5 18. e4 Nb6 19. e5 Be7 20. Rc1 Nd5 21. b4 b6 22. Ne4 Bc6 23. bxc5 bxc5 24. dxc5 a6 25. Nd6+ Bxd6 26. exd6 Qd7 27. Re1 Qa7 28. Qb3 Rb8 29. Qc4 Bb5 30. Qxd5 0-0 31. Qe4 Rbd8 32. Qxh7# 1-0